01230nam a2200253 a 450000100100000000500170001000800410002704000250006808200150009310000290010824001250013724501900026226000530045230000210050549000170052665000400054365000530058370000380063670000270067483000250070195201190072695201140084599900170095900002117120200930011244.0100901s1971 mx 000 0 spa d aDO-SdBNPbspacBNPHU a951bS394c1 aSchurmann, Franz.94425610aImperial China. The decline of the last dynasty and the origins of modern China. The 18th and 19th centuries.lEspañol10aChina imperial :bla decadencia de la última dinastía y los orígenes de la China moderna, siglos xviii y xix /cFranz Schurmann y Orville Schel ; traducción Juan José Utrilla. aMéxico :bFondo de Cultura Económica,c1971. a382 p. ;c17 cm.1 aPopularv105 4aChinaxHistoriaySIGLO XVIII944257 4aChinaxPolítica y gobiernoySIGLO XVIII9442581 aUtrilla, Juan José,etr.9442591 aSchel, Orville.944260 0aPopular,v105913374 001054708MOaGRbGRcCTd2010-09-01iLF1l0o951 S394cp21171-10r2020-06-25w2020-06-25y4ZPréstamo en sala 0010507-18MOaPDbPDcOId2017-05-26iLF1l0o951 S394cp21171-20r2020-06-25w2020-06-25y1ZNo se presta c20672d20672